[Event "ROM-ch U16 Boys"]
[Site "Voineasa"]
[Date "2008.04.15"]
[Round "5"]
[White "Vezeteu, Daniel"]
[Black "Vladut, Matei"]
[Result "0-1"]
[WhiteElo "964"]
[BlackElo "900"]
[PlyCount "96"]
[EventDate "2008.04.08"]
[EventType "swiss"]
[EventRounds "9"]
[EventCountry "ROU"]
[SourceTitle "EXT 2013"]
[Source "ChessBase"]
[SourceDate "2012.11.22"]
[SourceVersion "1"]
[SourceVersionDate "2012.11.22"]
[SourceQuality "1"]

1. d4 Nf6 2. Nf3 g6 3. g3 Bg7 4. Bg2 0-0 5. 0-0 d6 6. c4 c6 7. Nc3 Nbd7 8. d5 Ng4 9. Nd2 c5 10. h3 Ngf6 11. Qc2 a6 12. b3 e5 13. Bb2 Ne8 14. e4 f5 15. f4 exf4 16. Rxf4 Bh6 17. Rf3 Ne5 18. Rff1 Qg5 19. Nf3 Qe3+ 20. Kh2 Nxf3+ 21. Rxf3 Qg5 22. Raf1 Bg7 23. h4 Qe7 24. Bh3 fxe4 25. Rxf8+ Bxf8 26. Bxc8 Rxc8 27. Nxe4 Bg7 28. Ng5 Nf6 29. Ne6 Ng4+ 30. Kg1 Ne3 31. Qf2 Bxb2 32. Qxb2 Nxf1 33. Kxf1 Kf7 34. Kg2 Ke8 35. b4 cxb4 36. Qxb4 Kf7 37. a4 Kg8 38. Qc3 b5 39. axb5 axb5 40. c5 dxc5 41. Qe5 Re8 42. h5 c4 43. hxg6 hxg6 44. Qe4 Qf6 45. Qg4 c3 46. Nf4 c2 47. Nd3 Qf5 48. Qd4 Qe4+ 0-1

[Event "Ploiesti Conpet op"]
[Site "Ploiesti"]
[Date "2007.09.24"]
[Round "4"]
[White "Pepene, Gheorghe"]
[Black "Vezeteu, Daniel"]
[Result "1-0"]
[WhiteElo "2061"]
[BlackElo "1916"]
[PlyCount "50"]
[EventDate "2007.09.22"]
[EventType "swiss"]
[EventRounds "9"]
[EventCountry "ROU"]
[SourceTitle "EXT 2010"]
[Source "ChessBase"]
[SourceDate "2010.11.25"]
[SourceVersion "1"]
[SourceVersionDate "2010.11.25"]
[SourceQuality "1"]

1. e4 c5 2. Nf3 Nc6 3. d4 cxd4 4. Nxd4 Nf6 5. Nc3 e5 6. Ndb5 d6 7. Bg5 a6 8. Na3 b5 9. Bxf6 gxf6 10. Nd5 f5 11. Bd3 Be6 12. c3 Bg7 13. Qh5 f4 14. 0-0 0-0 15. g3 fxg3 16. fxg3 h6 17. h4 Bxd5 18. exd5 Qb6+ 19. Kh2 Ne7 20. Nc2 Qc5 21. Rad1 f5 22. Nb4 Rf7 23. Bc2 f4 24. gxf4 exf4 25. Rf3 Raf8 1-0

[Event "Ploiesti Conpet op"]
[Site "Ploiesti"]
[Date "2007.09.22"]
[Round "1"]
[White "Vezeteu, Daniel"]
[Black "Mosnegutu, Klaus"]
[Result "1/2-1/2"]
[WhiteElo "1916"]
[BlackElo "2198"]
[PlyCount "26"]
[EventDate "2007.09.22"]
[EventType "swiss"]
[EventRounds "9"]
[EventCountry "ROU"]
[SourceTitle "EXT 2010"]
[Source "ChessBase"]
[SourceDate "2010.11.25"]
[SourceVersion "1"]
[SourceVersionDate "2010.11.25"]
[SourceQuality "1"]

1. d4 Nf6 2. c4 e6 3. Nc3 Bb4 4. a3 Bxc3+ 5. bxc3 b6 6. Qc2 Bb7 7. Nf3 d6 8. e3 Ne4 9. Bd3 f5 10. 0-0 0-0 11. Nd2 Nxd2 12. Bxd2 Nd7 13. f3 Qh4 1/2-1/2

[Event "ROM-chT U18"]
[Site "Mangalia"]
[Date "2007.08.29"]
[Round "5.2"]
[White "Vezeteu, Daniel"]
[Black "Savin, Oliviu Flavian"]
[Result "1/2-1/2"]
[WhiteElo "1916"]
[BlackElo "2028"]
[PlyCount "44"]
[EventDate "2007.08.26"]
[EventType "team-tourn"]
[EventRounds "5"]
[EventCountry "ROU"]
[SourceTitle "EXT 2010"]
[Source "ChessBase"]
[SourceDate "2010.11.25"]
[SourceVersion "1"]
[SourceVersionDate "2010.11.25"]
[SourceQuality "1"]

1. d4 d5 2. c4 e6 3. Nc3 Nf6 4. Bg5 Be7 5. Nf3 0-0 6. e3 Nbd7 7. cxd5 exd5 8. Bd3 Re8 9. Qc2 Nf8 10. h3 c6 11. 0-0 Ne4 12. Bxe7 Qxe7 13. Bxe4 dxe4 14. Nd2 f5 15. d5 Kh8 16. Rad1 Rd8 17. Nc4 Bd7 18. dxc6 Bxc6 19. Na5 Rac8 20. Nxc6 Rxc6 21. Rxd8 Qxd8 22. Rd1 Qc8 1/2-1/2

[Event "ROM-chT U18"]
[Site "Mangalia"]
[Date "2007.08.27"]
[Round "3.1"]
[White "Vezeteu, Daniel"]
[Black "Lipcei, Ioan Claudiu"]
[Result "0-1"]
[WhiteElo "1916"]
[BlackElo "1916"]
[PlyCount "94"]
[EventDate "2007.08.26"]
[EventType "team-tourn"]
[EventRounds "5"]
[EventCountry "ROU"]
[SourceTitle "EXT 2010"]
[Source "ChessBase"]
[SourceDate "2010.11.25"]
[SourceVersion "1"]
[SourceVersionDate "2010.11.25"]
[SourceQuality "1"]

1. e4 c5 2. Nf3 e6 3. Nc3 d6 4. Bb5+ Bd7 5. Bxd7+ Nxd7 6. 0-0 Ngf6 7. d4 cxd4 8. Qxd4 a6 9. Re1 Be7 10. Bg5 0-0 11. Rad1 Qc7 12. Bh4 Rfd8 13. g4 Ne5 14. Nxe5 dxe5 15. Qe3 Nxg4 16. Qg3 Bxh4 17. Qxh4 Nf6 18. Kh1 b5 19. a3 Ne8 20. h3 Rd4 21. Qg3 Rad8 22. Rxd4 Rxd4 23. Qe3 Qc6 24. Kh2 f6 25. Ne2 Rxe4 26. Qd3 Rc4 27. Nc3 Rf4 28. Re2 Nd6 29. Rd2 Rd4 30. Qe2 Nf5 31. Rxd4 Nxd4 32. Qd3 Qf3 33. Qxf3 Nxf3+ 34. Kg3 Nd4 35. Ne4 Nxc2 36. Nc5 b4 37. axb4 Nxb4 38. Nxe6 Kf7 39. Nd8+ Ke7 40. Nb7 Nd3 41. Na5 Nxb2 42. Kf3 Kd6 43. Ke2 Kd5 44. Kf3 Nc4 45. Nb3 a5 46. Ke2 a4 47. Nc1 Kd4 0-1

[Event "ROM-ch U16"]
[Site "Amara"]
[Date "2007.04.18"]
[Round "9"]
[White "Vezeteu, Daniel"]
[Black "Chifor, Ovidiu Emanuel"]
[Result "1/2-1/2"]
[WhiteElo "1943"]
[BlackElo "1862"]
[PlyCount "192"]
[EventDate "2007.04.12"]
[EventType "swiss"]
[EventRounds "9"]
[EventCountry "ROU"]
[SourceTitle "EXT 2010"]
[Source "ChessBase"]
[SourceDate "2010.11.25"]
[SourceVersion "1"]
[SourceVersionDate "2010.11.25"]
[SourceQuality "1"]

1. d4 d5 2. c4 e6 3. Nc3 c6 4. cxd5 exd5 5. Bf4 Bf5 6. Nf3 Nf6 7. e3 Qb6 8. Qc1 Be7 9. Be2 Nbd7 10. h3 0-0 11. 0-0 Ne4 12. Ne5 Nxe5 13. Bxe5 Bg6 14. a3 a5 15. Nxe4 Bxe4 16. Qd2 Rfe8 17. Rac1 Qd8 18. Rfd1 Bd6 19. Bxd6 Qxd6 20. Rc5 b6 21. Rc3 Rac8 22. Rdc1 Bf5 23. Bd3 Bxd3 24. Qxd3 c5 25. dxc5 bxc5 26. Qb5 c4 27. Qxa5 Ra8 28. Qb4 Qxb4 29. axb4 Rab8 30. Rd1 Rxb4 31. Rxd5 Rxb2 32. Rxc4 Rb7 33. Re4 Rc8 34. Red4 g6 35. Rd8+ Rxd8 36. Rxd8+ Kg7 37. Kh2 h5 38. Kg3 Rb4 39. Rd4 Rb5 40. h4 Kf6 41. Rf4+ Ke6 42. Re4+ Kf5 43. Re8 Rb3 44. Rc8 Rb5 45. Rc6 Rb3 46. Ra6 Rc3 47. Kf3 Rb3 48. g3 Rc3 49. Rb6 Ra3 50. Rb5+ Ke6 51. Kf4 Ra2 52. f3 Rf2 53. e4 Rf1 54. g4 hxg4 55. Kxg4 Rg1+ 56. Kf4 Rh1 57. Kg3 Rg1+ 58. Kh2 Re1 59. h5 gxh5 60. Rxh5 f6 61. Kg3 Rg1+ 62. Kf4 Rc1 63. Ra5 Rf1 64. Ra6+ Kf7 65. Rb6 Ke7 66. Rc6 Kf7 67. Ke3 Re1+ 68. Kf2 Rh1 69. Kg2 Re1 70. Kf2 Rh1 71. Ke2 Rg1 72. f4 Rg3 73. Rd6 Ra3 74. Rd3 Ra1 75. Kf3 Rf1+ 76. Kg4 Rg1+ 77. Rg3 Ra1 78. Rg2 Ra4 79. Re2 Ke6 80. e5 fxe5 81. Rxe5+ Kf6 82. Rb5 Ra6 83. Rh5 Ra4 84. Rh6+ Kg7 85. Rb6 Ra5 86. Rd6 Rb5 87. Re6 Ra5 88. Re7+ Kf6 89. Rh7 Kg6 90. Rh3 Rb5 91. Re3 Kf6 92. Rd3 Ra5 93. Rc3 Rb5 94. Rc8 Kg6 95. Rg8+ Kf6 96. Rf8+ Kg6 1/2-1/2

[Event "ROM-ch U16"]
[Site "Amara"]
[Date "2007.04.17"]
[Round "8"]
[White "Vezeteu, Daniel"]
[Black "Dancanet, Vlad"]
[Result "1-0"]
[WhiteElo "1943"]
[BlackElo "1639"]
[PlyCount "31"]
[EventDate "2007.04.12"]
[EventType "swiss"]
[EventRounds "9"]
[EventCountry "ROU"]
[SourceTitle "EXT 2010"]
[Source "ChessBase"]
[SourceDate "2010.11.25"]
[SourceVersion "1"]
[SourceVersionDate "2010.11.25"]
[SourceQuality "1"]

1. d4 d5 2. c4 e6 3. Nc3 Nf6 4. cxd5 exd5 5. Bg5 Be7 6. e3 Bf5 7. Qf3 Bg4 8. Qg3 Qd6 9. Bxf6 Qxg3 10. hxg3 gxf6 11. Nxd5 c6 12. Nxe7 Kxe7 13. Bd3 h6 14. Rh4 Be6 15. Ne2 Nd7 16. Kd2 1-0

[Event "ROM-ch U16"]
[Site "Amara"]
[Date "2007.04.16"]
[Round "7"]
[White "Nitelea, Barbu Alexandru"]
[Black "Vezeteu, Daniel"]
[Result "1-0"]
[WhiteElo "1943"]
[BlackElo "1943"]
[PlyCount "67"]
[EventDate "2007.04.12"]
[EventType "swiss"]
[EventRounds "9"]
[EventCountry "ROU"]
[SourceTitle "EXT 2010"]
[Source "ChessBase"]
[SourceDate "2010.11.25"]
[SourceVersion "1"]
[SourceVersionDate "2010.11.25"]
[SourceQuality "1"]

1. e4 c5 2. Nf3 Nc6 3. d4 cxd4 4. Nxd4 Nf6 5. Nc3 e5 6. Ndb5 d6 7. Bg5 a6 8. Na3 b5 9. Bxf6 gxf6 10. Nd5 f5 11. Bxb5 axb5 12. Nxb5 Ra4 13. b4 Rxb4 14. Nbc7+ Kd7 15. 0-0 Ne7 16. Qh5 Nxd5 17. Nxd5 Rb7 18. Rab1 fxe4 19. Qxf7+ Be7 20. Nf6+ Kc7 21. Nd5+ Kd7 22. Qf5+ Ke8 23. Qxe4 Ra7 24. Rb8 Ra5 25. f4 Rf8 26. Nb6 Rc5 27. Qxh7 exf4 28. Qe4 d5 29. Qg6+ Rf7 30. Qg8+ Rf8 31. Qg6+ Rf7 32. Rxf4 Bf6 33. Nxc8 Qa5 34. Nd6+ 1-0

[Event "ROM-ch U16"]
[Site "Amara"]
[Date "2007.04.15"]
[Round "5"]
[White "Vezeteu, Daniel"]
[Black "Miroiu, George Catalin"]
[Result "0-1"]
[WhiteElo "1943"]
[BlackElo "2046"]
[PlyCount "50"]
[EventDate "2007.04.12"]
[EventType "swiss"]
[EventRounds "9"]
[EventCountry "ROU"]
[SourceTitle "EXT 2010"]
[Source "ChessBase"]
[SourceDate "2010.11.25"]
[SourceVersion "1"]
[SourceVersionDate "2010.11.25"]
[SourceQuality "1"]

1. d4 Nf6 2. c4 g6 3. Nc3 Bg7 4. Nf3 0-0 5. g3 d6 6. Bg2 Nc6 7. 0-0 e5 8. e4 Bg4 9. d5 Nd4 10. Be3 Re8 11. Bxd4 exd4 12. Ne2 Nxe4 13. Nfxd4 Bxd4 14. Qxd4 Bxe2 15. Bxe4 Bxf1 16. Rxf1 Qe7 17. Bb1 Qe5 18. Qd2 a5 19. b3 b6 20. Kg2 Re7 21. h4 h5 22. Bd3 a4 23. f4 Qd4 24. Qc2 axb3 25. axb3 Re3 0-1